Visualizzazione normale
Vista MARC
- González Marrero, María del Cristo
di Personal Name
Records bibliografici associati: 1
001 - CONTROL NUMBER
- control field: 11657
003 - CONTROL NUMBER IDENTIFIER
- control field: IT-RoINE
005 - DATE AND TIME OF LATEST TRANSACTION
- control field: 20140911145027.0
008 - FIXED-LENGTH DATA ELEMENTS
- fixed length control field: 140911|| aca||aabn | a|a d
040 ## - CATALOGING SOURCE
- Original cataloging agency: IT-RoINE
- Transcribing agency: IT-RoINE
100 ## - HEADING--PERSONAL NAME
- Personal name: González Marrero, María del Cristo
670 ## - SOURCE DATA FOUND
- Source citation: Work cat.: (IT-RoINE)0: González Marrero, María del Cristo, La casa de Isabel la Católica :, 2005.